Výpočtová technika a matematické metódy v organizácii, riadení a technológii skladov : 6.konferencia

Uložené v:
Podrobná bibliografia
Médium: Kniha
Jazyk:Slovak
Vydavateľské údaje: Bratislava : Dom techniky ČSVTS, 1986
Predmet:
Tagy: Pridať tag
Žiadne tagy, Buďte prvý, kto otaguje tento záznam!

MARC

LEADER 00000nam a22000003a 4500
001 stu44212
005 20150408180429.1
008 950202s1986----cs------------------slo-d
040 |a STU  |b slo 
041 0 |a slo 
044 |a cs 
080 |a 681.3 
080 |a 51  |7 stu_us_auth*stu8333 
080 |a 621.796(082) 
245 |a Výpočtová technika a matematické metódy v organizácii, riadení a technológii skladov :  |b 6.konferencia 
260 |a Bratislava :  |b Dom techniky ČSVTS,  |c 1986 
300 |a 221 s 
650 7 |a Technika výpočtová  |2 stusub 
650 7 |a sklady  |2 stusub 
650 7 |a zborníky  |2 stusub 
650 7 |a organizácia  |2 stusub 
996 |b 284M035994  |c M*1759-4  |l MMKN  |s A  |a 24  |w stu44212_0001